Goldfinger : How enterpreneurs get rich

Na minha lista:
Detalhes bibliográficos
Autor principal: Heller, Robert
Formato: Livro
Idioma:Undetermined
Publicado em: U.S.A. 1990
Assuntos:
Tags: Adicionar Tag
Sem tags, seja o primeiro a adicionar uma tag!
Thư viện lưu trữ: Trung tâm Học liệu Trường Đại học Cần Thơ
LEADER 00475nam a2200181Ia 4500
001 CTU_98517
008 210402s9999 xx 000 0 und d
082 |a 791.43 
082 |b H477 
100 |a Heller, Robert 
245 0 |a Goldfinger : 
245 0 |b How enterpreneurs get rich 
245 0 |c Robert Heller 
260 |a U.S.A. 
260 |c 1990 
650 |a Goldfinger (Motion picture) 
904 |i Tuyến 
980 |a Trung tâm Học liệu Trường Đại học Cần Thơ